Hong Kong : The Industrial colony (Record no. 412294)

000 -LEADER
fixed length control field 00302cam a22001097a 4500
008 - FIXED-LENGTH DATA ELEMENTS--GENERAL INFORMATION
fixed length control field 180718b1971 xxu||||| |||| 00| 0 eng d
082 ## - DEWEY DECIMAL CLASSIFICATION NUMBER
Classification number T19x5125 H775
100 ## - MAIN ENTRY--PERSONAL NAME
Personal name Hopkins,Keith
245 ## - TITLE STATEMENT
Title Hong Kong : The Industrial colony
Statement of responsibility, etc. Edited by Keith Hopkins
260 ## - PUBLICATION, DISTRIBUTION, ETC.
Place of publication, distribution, etc. London
Name of publisher, distributor, etc. Oxford
Date of publication, distribution, etc. 1971
300 ## - PHYSICAL DESCRIPTION
Extent 422p
Holdings
Withdrawn status Lost status Damaged status Not for loan Permanent Location Current Location Date acquired Full call number Barcode Date last seen Price effective from Koha item type
        Indian Institute of Public Administration Indian Institute of Public Administration 2009-02-04 T19x5125 H775 DA4269 2018-07-21 2018-07-21 DA

Powered by Koha